Java in a nutshell : a desktop quick reference

Αποθηκεύτηκε σε:
Λεπτομέρειες βιβλιογραφικής εγγραφής
Κύριος συγγραφέας: Flanagan, David
Μορφή: Βιβλίο
Γλώσσα:English
Δημοσίευση: Cambridge : O'Reilly, 1997
Έκδοση:2nd ed.
Σειρά:Java series
Θέματα:
Ετικέτες: Προσθήκη ετικέτας
Δεν υπάρχουν, Καταχωρήστε ετικέτα πρώτοι!

MARC

LEADER 00000nam a2200000 i 4500
001 1/71102
008 990301s1997 eng d
020 |a 1-56592-262-X 
035 |l 10048250 
040 |a GR-MY-UA  |b gre  |e aacr 
041 0 |a eng 
082 0 |a 005.133 
100 1 |a Flanagan, David. 
245 1 0 |a Java in a nutshell :  |b a desktop quick reference /  |c David Flanagan 
250 |a 2nd ed. 
260 |a Cambridge :   |b O'Reilly,   |c 1997 
300 |a xvi, 610 p.;  |b ill.;  |c 23 cm. 
490 1 |a Java series 
500 |a Includes index 
500 |a Covers Java 1.1 
650 0 0 |a Java (Computer program language) 
650 0 0 |a Web servers. 
650 0 0 |a Object-oriented programming (Computer science) 
830 0 |a Java series 
852 |a INST  |b SAMOS  |e 19990301  |h 005.133 FLA  |p 005300013291  |q 005300013291  |t BK  |y 0 
901 |a BIBL-1999-1 
909 |a Σ  |b 063042 
922 |a 3ΕΛΗ  |b 199901  |c ΕΠΕΑΕΚ/ΜΑΘ  |d GLORY